| 000 | 00505nam a2200193Ia 4500 | ||
|---|---|---|---|
| 003 | LK-CoDNM | ||
| 008 | 010623t1962 xxu||||| |||| 00| 1 sin d | ||
| 040 |
_aLK-CoDNM _dLK-CoDNM _eLK-CoDNM |
||
| 041 | _asin | ||
| 080 |
_a8 C-2 _bSAR |
||
| 100 | _aSarachchandra, Ediriweera | ||
| 245 | _aසිංහබාහු නාටකය | ||
| 246 | _aSinhabahu natakaya | ||
| 260 |
_bSaman publication _aMaharagama _c1962 |
||
| 300 | _b50, 24.5 cm | ||
| 650 | _aDrama | ||
| 650 | _aLiterature | ||
| 942 | _cBK | ||
| 999 |
_c106157 _d106157 |
||